000 01169nam a2200289 a 4500
003 BLK
005 20240401174530.0
007 ta
008 230811b bu |||||r|||| 00| | bu d
020 _a9786197707120
040 _aBLK
041 _aBUL
_cBUL
080 _9227442
_aБразилска литература
_b821.134.3(81)
_x-31
_z821.134.3(81)-31
084 _aА 50
100 _9488875
_aАленкар, Жозе де
245 _aИрасема
_cЖозе де Аленкар ; прев. от португ. Рада Ганкова
260 _9214201
_aБургас
_bЗнаци
_c2023
_fВ. Търново : Фабер
300 _a114 с.
_c24 см
380 _aX
500 _aОриг. загл., установено от доп. източник: Iracema "Ирасема": легенда за Сеара или митът за създаването на Бразилия / Рада Ганкова: с. 109-111
700 1 _aГанкова, Рада
_951051
852 _aЦб 319406
_bЦб
856 _i0.00
_ldisable
942 _cKNG
_n0
_04
944 _cМоника Янева
_k30564
_lГалина Якимова
999 _c494120
_d494120
999 _d494120